<?xml version="1.0" encoding="UTF-8"?>
<record
    xmlns:xsi="http://www.w3.org/2001/XMLSchema-instance"
    xsi:schemaLocation="http://www.loc.gov/MARC21/slim http://www.loc.gov/standards/marcxml/schema/MARC21slim.xsd"
    xmlns="http://www.loc.gov/MARC21/slim">

  <leader>01158nam a22002777a 4500</leader>
  <controlfield tag="003">dpl</controlfield>
  <controlfield tag="005">20180625123140.0</controlfield>
  <controlfield tag="008">180625b        xxu||||| |||| 00| 0 eng d</controlfield>
  <datafield tag="010" ind1=" " ind2=" ">
    <subfield code="a">B-112500</subfield>
  </datafield>
  <datafield tag="020" ind1=" " ind2=" ">
    <subfield code="c">250.00</subfield>
    <subfield code="a">8185970548</subfield>
  </datafield>
  <datafield tag="035" ind1=" " ind2=" ">
    <subfield code="a">B-112500, B-122519</subfield>
  </datafield>
  <datafield tag="037" ind1=" " ind2=" ">
    <subfield code="b">Cen Lib / Ret</subfield>
  </datafield>
  <datafield tag="040" ind1=" " ind2=" ">
    <subfield code="a">DPL</subfield>
    <subfield code="b">HN</subfield>
    <subfield code="c">0</subfield>
  </datafield>
  <datafield tag="082" ind1=" " ind2=" ">
    <subfield code="a">080</subfield>
    <subfield code="b">&#x927;&#x930;&#x94D;&#x92E;&#x915;&#x940; </subfield>
  </datafield>
  <datafield tag="100" ind1=" " ind2=" ">
    <subfield code="a">&#x927;&#x930;&#x94D;&#x92E;&#x902;&#x915;&#x940;&#x930;&#x94D;&#x924;&#x93F; </subfield>
    <subfield code="9">45600</subfield>
  </datafield>
  <datafield tag="245" ind1=" " ind2=" ">
    <subfield code="a">&#x92E;&#x928;&#x941; &#x92C;&#x928;&#x93E;&#x92E; &#x932;&#x93E;&#x926;&#x947;&#x928; /</subfield>
    <subfield code="c">&#x927;&#x930;&#x94D;&#x92E;&#x902;&#x915;&#x940;&#x930;&#x94D;&#x924;&#x93F; </subfield>
  </datafield>
  <datafield tag="246" ind1=" " ind2=" ">
    <subfield code="a">Manu banam laden /</subfield>
    <subfield code="b">by  Dharmkeerti</subfield>
  </datafield>
  <datafield tag="260" ind1=" " ind2=" ">
    <subfield code="a">&#x926;&#x93F;&#x932;&#x94D;&#x932;&#x940; </subfield>
    <subfield code="b">&#x92A;&#x930;&#x92E;&#x92E;&#x93F;&#x924;&#x94D;&#x930; &#x92A;&#x94D;&#x930;&#x915;&#x93E;&#x936;&#x928; </subfield>
    <subfield code="c">2002</subfield>
  </datafield>
  <datafield tag="270" ind1=" " ind2=" ">
    <subfield code="a"> &#x926;&#x93F;&#x932;&#x94D;&#x932;&#x940; </subfield>
    <subfield code="b">&#x921;&#x940;-&#x92A;&#x949;&#x915;&#x947;&#x91F;, 214 &#x926;&#x93F;&#x932;&#x936;&#x93E;&#x926; &#x917;&#x93E;&#x930;&#x94D;&#x921;&#x928; </subfield>
    <subfield code="e">110095</subfield>
  </datafield>
  <datafield tag="300" ind1=" " ind2=" ">
    <subfield code="a">ix,230&#x92A;&#x943;.</subfield>
    <subfield code="c">20&#x938;&#x947;&#x92E;&#x940; (&#x938;&#x91C;&#x93F;&#x932;&#x94D;&#x926;)</subfield>
  </datafield>
  <datafield tag="650" ind1=" " ind2=" ">
    <subfield code="a">&#x906;&#x924;&#x902;&#x915;&#x935;&#x93E;&#x926;--&#x907;&#x924;&#x93F;&#x939;&#x93E;&#x938; </subfield>
    <subfield code="9">239</subfield>
  </datafield>
  <datafield tag="650" ind1=" " ind2=" ">
    <subfield code="a">&#x906;&#x924;&#x902;&#x915;&#x935;&#x93E;&#x926;--&#x907;&#x924;&#x93F;&#x939;&#x93E;&#x938;--&#x92C;&#x94B;&#x926;&#x94D;&#x927; &#x927;&#x930;&#x94D;&#x92E; </subfield>
    <subfield code="9">3675</subfield>
  </datafield>
  <datafield tag="650" ind1=" " ind2=" ">
    <subfield code="a">Terrorism - History</subfield>
    <subfield code="9">82161</subfield>
  </datafield>
  <datafield tag="650" ind1=" " ind2=" ">
    <subfield code="a">Terrorism - History - Buddhist religion</subfield>
    <subfield code="9">82162</subfield>
  </datafield>
  <datafield tag="942" ind1=" " ind2=" ">
    <subfield code="2">ddc</subfield>
    <subfield code="c">HN</subfield>
    <subfield code="h">080</subfield>
    <subfield code="m">&#x927;&#x930;&#x94D;&#x92E;&#x915;&#x940; </subfield>
  </datafield>
  <datafield tag="999" ind1=" " ind2=" ">
    <subfield code="c">118846</subfield>
    <subfield code="d">118846</subfield>
  </datafield>
  <datafield tag="952" ind1=" " ind2=" ">
    <subfield code="0">0</subfield>
    <subfield code="1">0</subfield>
    <subfield code="4">0</subfield>
    <subfield code="7">0</subfield>
    <subfield code="a">L</subfield>
    <subfield code="b">L</subfield>
    <subfield code="d">2015-09-14</subfield>
    <subfield code="e">Cen Lib/Ref</subfield>
    <subfield code="g">250.00</subfield>
    <subfield code="l">1</subfield>
    <subfield code="o">080 &#x927;&#x930;&#x94D;&#x92E;&#x915;&#x940;</subfield>
    <subfield code="p">B-112500</subfield>
    <subfield code="r">2018-03-07 00:00:00</subfield>
    <subfield code="s">2018-02-22</subfield>
    <subfield code="t">1</subfield>
    <subfield code="v">250.00</subfield>
    <subfield code="w">2015-09-14</subfield>
    <subfield code="y">HN</subfield>
  </datafield>
  <datafield tag="952" ind1=" " ind2=" ">
    <subfield code="0">0</subfield>
    <subfield code="1">0</subfield>
    <subfield code="2">ddc</subfield>
    <subfield code="4">0</subfield>
    <subfield code="7">0</subfield>
    <subfield code="8">NFIC</subfield>
    <subfield code="a">BL4</subfield>
    <subfield code="b">BL4</subfield>
    <subfield code="d">2018-06-25</subfield>
    <subfield code="e">BPPD/PUB</subfield>
    <subfield code="g">250.00</subfield>
    <subfield code="l">4</subfield>
    <subfield code="o">080 &#x927;&#x930;&#x94D;&#x92E;&#x915;&#x940;</subfield>
    <subfield code="p">B-112519</subfield>
    <subfield code="r">2022-02-28 00:00:00</subfield>
    <subfield code="s">2022-02-21</subfield>
    <subfield code="v">250.00</subfield>
    <subfield code="w">2018-06-25</subfield>
    <subfield code="y">HN</subfield>
  </datafield>
</record>
